50 Biggest Cities in Kansai Region - Statistics

General Stats
  • This quiz has been taken 103 times
  • The average score is 29 of 50
Answer Stats
Rank Population Prefecture Answer % Correct
3 1,464,890 Kyōto Kyōto
100%
1 2,754,742 Ōsaka Ōsaka
100%
2 1,527,022 Hyōgo Kōbe
98%
13 354,833 Nara Nara
94%
12 356,858 Wakayama Wakayama
94%
5 530,723 Hyōgo Himeji
85%
4 826,447 Ōsaka Sakai
83%
6 494,074 Ōsaka Higashi-Ōsaka
77%
15 345,202 Shiga Ōtsu
77%
19 279,886 Mie Tsu
71%
7 485,705 Hyōgo Nishinomiya
69%
17 303,838 Hyōgo Akashi
67%
8 459,717 Hyōgo Amagasaki
67%
21 260,988 Hyōgo Kakogawa
63%
27 184,634 Ōsaka Izumi
60%
9 401,818 Ōsaka Toyonaka
60%
16 311,031 Mie Yokkaichi
60%
42 113,693 Shiga Hikone
58%
18 288,014 Ōsaka Ibaraki
58%
11 385,787 Ōsaka Suita
58%
10 397,596 Ōsaka Hirakata
56%
14 352,876 Ōsaka Takatsuki
56%
28 179,783 Kyōto Uji
56%
20 264,654 Ōsaka Yao
56%
35 127,817 Mie Ise
54%
25 196,403 Mie Suzuka
54%
24 198,244 Hyōgo Itami
52%
49 100,182 Ōsaka Izumisano
52%
29 163,863 Mie Matsusaka
52%
40 116,951 Nara Ikoma
50%
31 143,958 Shiga Kusatsu
50%
41 113,719 Shiga Nagahama
50%
23 226,658 Hyōgo Takarazuka
50%
26 190,796 Ōsaka Kishiwada
46%
34 136,954 Ōsaka Minō
46%
22 229,749 Ōsaka Neyagawa
46%
47 105,017 Ōsaka Ikeda
44%
37 119,807 Ōsaka Kadoma
44%
33 140,303 Mie Kuwana
44%
50 94,038 Hyōgo Ashiya
42%
36 120,972 Nara Kashihara
42%
30 152,473 Hyōgo Kawanishi
42%
32 143,063 Ōsaka Moriguchi
42%
44 109,324 Hyōgo Sanda
42%
39 117,611 Ōsaka Matsubara
40%
45 108,872 Ōsaka Habikino
38%
43 112,872 Shiga Higashiōmi
38%
48 101,764 Ōsaka Kawachinagano
38%
38 119,184 Ōsaka Daitō
35%
46 108,768 Ōsaka Tondabayashi
35%
No matching quizzes found
Score Distribution
Percent of People with Each Score
Percentile by Number Answered
Your Score History
You have not taken this quiz